000
00346 a2200157 4500
001
149434
040
_c
Escola São Tomás de Aquino
100
_a
QUEIRÓS, Bartolomeu Campos de
240
1
0
_a
Indez
_l
por
245
1
0
_a
Indez
300
_a
85
362
0
_a
2003
440
1
_a
Miguilim
697
_a
*LITERATURA INFANTO JUVENIL
942
_c
BK
999
_c
149434
_d
149434